000 00516nam a22001697a 4500
003 OSt
005 20170518093922.0
008 160119b xxu||||| |||| 00| 0 eng d
040 _ammu
_bmmu
_cmmu
110 _9418
_aInternational Bible Society
245 _aHoly Bible New International Version
_cInternational Bible Society
260 _aCanada :
_bInternational Bible Society,
_c1984
300 _a1969 p.
500 _aIncludes Concordance
942 _2lcc
_cREFERENCE
980 _a^d20110503 04:27:25^okilerai
999 _c7140
_d7140